Le football de A à Z - Statistiques

Statistiques générales
  • Ce quiz a été pris 106 fois
  • Le résultat moyen est 19 sur 26
Statistiques - réponses
Lettre Indice Réponse % Correct
U Buteur lors de France-Belgique en 2018 Samuel Umtiti
98%
J Couleur de la biscotte donnée par l'arbitre Jaune
92%
Y Gardien qui a gagné la coupe de l'URSS en hockey sur glace en 1953 Lev Yashin
92%
T Club où l'ancien stade était White Hart Lane Tottenham Hotspur FC
91%
G Club de Victor Osimhen Galatasaray SK
89%
W Le plus grand stade en Angleterre Wembley Stadium
89%
A Pays ayant gagné une seule coupe du monde Angleterre
88%
V Attaquant hollandais champion d'Angleterre avec Manchester United FC en 2012-2013 Robin Van Persie
87%
M Légende surnommée "El pibe de oro" Diego Maradona
86%
E Club basé à Liverpool Everton FC
86%
L Meilleur buteur de l'histoire de la Belgique Romelu Lukaku
86%
B Club norvégien qui a éliminé le finaliste de l'édition précédente de ligue des champions FK Bodø/Glimt
84%
X Joueur suisse de Sunderland AFC Granit Xhaka
84%
P Prix qui récompense le plus beau but de la saison Puskas
84%
F Autre club d'Istanbul Fenerbahçe SK
82%
H Club allemand de la ville de Berlin Hertha Berlin SC
80%
C Prénom de l'entraîneur italien le plus titré en ligue des champions Carlo Ancelotti
76%
Q Premier club d'Azerbaïdjan à se qualifier ligue des champions Qarabağ FK
75%
D Ballspielverein B....... 09 e.V. D....... Borussia Dortmund
68%
Z Capitaine vainqueur de la ligue des champions 2009-2010 avec l'Inter Milan Javier Zanetti
67%
K Viande et Vissel Vissel Kobe
64%
O Club de la ville de Pampelune CA Osasuna
54%
N Dernier club de la carrière de Frank Lampard New York City FC
44%
R Ancien nom du stade du Stade rennais FC Stade de la Route de Lorient
33%
S Légende bosnienne du PSG Safet Susic
31%
I Joueur luxembourgeois du SCO Angers en E-Ligue 1 Ivanilson
1%
Aucun quiz correspondant
Distribution des résultats
% des personnes avec chaque résultat
Percentile par nombre de réponses
Votre historique - résultats
Vous n’avez pas pris ce quiz